Southville International School and Colleges
Your cart is empty.
  • Cart
  • Lists
    Public lists Eva Luna New books Lux_list list_1
    Your lists Log in to create your own lists
  • Log in to your account
  • Your cookies
  • Search history
Southville International School and Colleges
  • Advanced search
  • Recent comments
  • Most popular
  • Libraries

Log in to your account

Log in with GOOGLE


If you do not have an external account, but do have a local account, you can still log in:

  1. Home
  2. MARC view: Goodnight, numbers
Normal view MARC view ISBD view

Goodnight, numbers (Record no. 368743)

[ view plain ]
MARC details
000 -LEADER
fixed length control field 00680nam a22002297a 4500
003 - CONTROL NUMBER IDENTIFIER
control field 0
005 - DATE AND TIME OF LATEST TRANSACTION
control field 20260117152115.0
008 - FIXED-LENGTH DATA ELEMENTS--GENERAL INFORMATION
fixed length control field 260117b xxu||||| |||| 00| 0 eng d
020 ## - INTERNATIONAL STANDARD BOOK NUMBER
International Standard Book Number 978-1-101-93378-7
050 ## - LIBRARY OF CONGRESS CALL NUMBER
Classification number ER
Item number Go646 2017
082 ## - DEWEY DECIMAL CLASSIFICATION NUMBER
Classification number ER
Item number Go646 2017
100 ## - MAIN ENTRY--PERSONAL NAME
Personal name McKellar, Danica
245 ## - TITLE STATEMENT
Title Goodnight, numbers
Statement of responsibility, etc Danica McKellar
260 ## - PUBLICATION, DISTRIBUTION, ETC. (IMPRINT)
Place of publication, distribution, etc New York, NY :
Name of publisher, distributor, etc Crown Books for Young Readers,
Date of publication, distribution, etc 2017.
300 ## - PHYSICAL DESCRIPTION
Extent 28 pages :
Other physical details colored illustrations ;
Dimensions 27 cm.
650 ## - SUBJECT ADDED ENTRY--TOPICAL TERM
Topical term or geographic name as entry element Stories in rhyme.
650 ## - SUBJECT ADDED ENTRY--TOPICAL TERM
Topical term or geographic name as entry element Numbers, Natural
Form subdivision Fiction.
650 ## - SUBJECT ADDED ENTRY--TOPICAL TERM
Topical term or geographic name as entry element Counting
Form subdivision Fiction.
650 ## - SUBJECT ADDED ENTRY--TOPICAL TERM
Topical term or geographic name as entry element Bedtime
Form subdivision Fiction.
700 ## - ADDED ENTRY--PERSONAL NAME
Personal name Padron, Alicia,
Relator term illustrator.
942 ## - ADDED ENTRY ELEMENTS (KOHA)
Source of classification or shelving scheme Dewey Decimal Classification
Koha item type Books
Holdings
Withdrawn status Lost status Source of classification or shelving scheme Damaged status Home library Current library Shelving location Date acquired Source of acquisition Sub Shelving location Total Checkouts Full call number Barcode Date last seen Price effective from Koha item type
    Dewey Decimal Classification   Munich Library Munich Library Easy Reading Section 01/17/2026 Library Fund     ER Go646 2017 M9242 01/17/2026 01/17/2026 Books

Goodnight, numbers

APA

McKellar D., Padron A., . (2017). Goodnight, numbers. New York, NY: Crown Books for Young Readers.

Chicago

McKellar Danica, Padron Alicia, . 2017. Goodnight, numbers. New York, NY: Crown Books for Young Readers.

Harvard

McKellar D., Padron A., . (2017). Goodnight, numbers. New York, NY: Crown Books for Young Readers.

MLA

McKellar Danica, Padron Alicia, . Goodnight, numbers. New York, NY: Crown Books for Young Readers. 2017.

  • Place hold
  • Print
  • Cite
  • Add to your cart (remove)
  • Save record
    BIBTEX Dublin Core MARCXML MARC (non-Unicode/MARC-8) MARC (Unicode/UTF-8) MARC (Unicode/UTF-8, Standard) MODS (XML) RIS
  • More searches
    Search for this title in:
    Other Libraries (WorldCat) Other Databases (Google Scholar) Online Stores (Bookfinder.com) Open Library (openlibrary.org)

Exporting to Dublin Core...

SOUTHVILLE LIBRARY

Southville International School and Colleges Library

1281 Tropical Ave. Cor. Luxembourg St., BF Homes International, Las Pinas City

Tel. No. 8256374 / 252358 Loc. 117/146

Powered by Koha